Sporcle Speed-Picking VII Quiz Stats

 Plays Quiz Updated Jul 10, 2016

Score 0/50 Timer 02:00
15 Plays Today
% Correct
How the Grinch Stole Christmas!
94.4%
The Cat in the Hat
93.5%
Green Eggs and Ham
92.9%
Horton Hears a Who!
92.2%
Quebec
92%
Great Pyramids of Giza
91.9%
Hanging Gardens of Babylon
91.3%
Froot Loops
91.2%
Statue of Zeus at Olympia
90.7%
Nova Scotia
90.6%
Lighthouse of Alexandria
89.9%
Kanye West
89.6%
Lucky Charms
89.5%
Alberta
89.4%
Eminem
88.7%
Special K
88.7%
Lil Wayne
88.3%
Apple Jacks
88.3%
Colossus of Rhodes
88.1%
New Year's Day
88.1%
Easter Monday
87.5%
Good Friday
86.3%
Oh, the Places You'll Go!
86.2%
Manitoba
86.2%
Boxing Day
85.8%
% Correct
Christmas
85.4%
Drake
81.6%
Prince Edward Island
80.7%
2Pac
79.4%
Uno
72.2%
Trix
70.7%
Cinco
70.2%
Ocho
69.8%
Rainbow Dash
69.8%
Twilight Sparkle
68.7%
Pinkie Pie
68.6%
Cuatro
67.6%
Nueve
65%
Skip
64.5%
Princess Celestia
63.9%
Draw Two
62.4%
Fluttershy
62.3%
Reverse
55.7%
Wild
55.5%
Up
45%
Down
44.7%
Top
44.2%
Bottom
43.5%
0
40.6%
Charm
38.3%

You're not logged in!

Compare scores with friends on all Sporcle quizzes.
OR
Log In

Sporcle TV

Today on Sporcle TV


Watch our educational content, quiz creation guides, and fun videos on Sporcle TV.

Show Comments

Extras

Top Quizzes Today


Score Distribution

Your Account Isn't Verified!

In order to create a playlist on Sporcle, you need to verify the email address you used during registration. Go to your Sporcle Settings to finish the process.

Report this User

Report this user for behavior that violates our Community Guidelines.

Details: